[Event "Talentum Cup"]
[Site "Balatonfoldvar"]
[Date "2008.08.22"]
[Round "1"]
[White "Chetverik, Maxim"]
[Black "Szentmihalyi, David"]
[Result "1-0"]
[WhiteElo "2321"]
[BlackElo "2014"]
[PlyCount "97"]
[EventDate "2008.08.22"]
[EventType "swiss"]
[EventRounds "9"]
[EventCountry "HUN"]
[SourceTitle "EXT 2011"]
[Source "ChessBase"]
[SourceDate "2010.11.26"]
[SourceVersion "1"]
[SourceVersionDate "2010.11.26"]
[SourceQuality "1"]

1. d4 Nf6 2. c4 g6 3. Nf3 Bg7 4. g3 d5 5. cxd5 Nxd5 6. Bg2 Nb6 7. Nc3 0-0 8. 0-0 Nc6 9. e3 Re8 10. d5 Na5 11. Nd4 Bd7 12. e4 Qc8 13. Re1 c6 14. Rb1 cxd5 15. exd5 Nac4 16. b3 Nd6 17. Bb2 Nf5 18. Nce2 Qc5 19. Nxf5 Bxf5 20. Bxg7 Kxg7 21. Rc1 Qa5 22. Qd4+ Kg8 23. Nc3 Rac8 24. g4 Bd7 25. Re3 Qc5 26. Qf4 Qd6 27. Qg5 Kg7 28. Rce1 h6 29. Qh4 Qb4 30. Rh3 h5 31. Re4 Qa3 32. Qg5 Qb2 33. Qe3 Qa1+ 34. Bf1 Bxg4 35. Qd4+ f6 36. Rhe3 Kf7 37. Kg2 Bf5 38. Rf4 Nd7 39. Bb5 Ne5 40. Bxe8+ Rxe8 41. Qd2 Rc8 42. h3 Bd3 43. Rxe5 Bf1+ 44. Kh2 Rxc3 45. Re1 Rxh3+ 46. Kg1 Qc3 47. Qxc3 Rxc3 48. Kxf1 g5 49. Rc4 1-0

[Event "Tapolca op"]
[Site "Budapest"]
[Date "2008.08.11"]
[Round "4"]
[White "Meszaros, Andras"]
[Black "Szentmihalyi, David"]
[Result "1-0"]
[WhiteElo "2316"]
[BlackElo "2014"]
[PlyCount "107"]
[EventDate "2008.08.09"]
[EventType "swiss"]
[EventRounds "7"]
[EventCountry "HUN"]
[SourceTitle "EXT 2011"]
[Source "ChessBase"]
[SourceDate "2010.11.26"]
[SourceVersion "1"]
[SourceVersionDate "2010.11.26"]
[SourceQuality "1"]

1. e4 c5 2. Nf3 d6 3. d4 cxd4 4. Nxd4 Nf6 5. Nc3 a6 6. Bc4 e6 7. Bb3 Nc6 8. Be3 Na5 9. f4 Nxb3 10. axb3 Be7 11. Qf3 0-0 12. g4 Qc7 13. g5 Nd7 14. h4 Re8 15. h5 Bf8 16. h6 g6 17. Rf1 b6 18. 0-0-0 Bb7 19. Qh3 b5 20. f5 exf5 21. exf5 Ne5 22. fxg6 hxg6 23. Rd2 Rac8 24. Kb1 b4 25. Na4 Be4 26. Bf4 Nc6 27. Be3 Ne5 28. Qg3 d5 29. Qf4 Kh7 30. Qf6 Qd6 31. Qxd6 Bxd6 32. Rf6 Rcd8 33. Bf4 Kg8 34. Rh2 Ng4 35. Rxd6 Rxd6 36. Bxd6 Nxh2 37. Bxh2 f6 38. gxf6 Kf7 39. Nc5 Kxf6 40. Nxa6 g5 41. Nxb4 Rh8 42. Nbc6 Rxh6 43. Be5+ Kg6 44. b4 g4 45. b5 Rh7 46. Ka2 Rb7 47. Kb3 Kg5 48. Kb4 Kh4 49. Na5 Rf7 50. b6 g3 51. Bxg3+ Kxg3 52. b7 Rf8 53. Nac6 Kf4 54. c3 1-0

[Event "Zalakaros op 27th"]
[Site "Zalakaros"]
[Date "2008.05.22"]
[Round "1"]
[White "Takacs, Balazs"]
[Black "Szentmihalyi, David"]
[Result "1-0"]
[WhiteElo "2269"]
[BlackElo "1956"]
[PlyCount "71"]
[EventDate "2008.05.22"]
[EventType "swiss"]
[EventRounds "9"]
[EventCountry "HUN"]
[SourceTitle "CBM 124 Extra"]
[Source "ChessBase"]
[SourceDate "2008.07.03"]
[SourceVersion "1"]
[SourceVersionDate "2008.07.03"]
[SourceQuality "1"]

1. e4 c5 2. Nf3 d6 3. d4 cxd4 4. Nxd4 Nf6 5. Nc3 a6 6. Bg5 e6 7. f4 Qb6 8. Nb3 Be7 9. Qd4 Qc7 10. 0-0-0 Nbd7 11. Be2 b5 12. Bxf6 gxf6 13. f5 Ne5 14. g4 Rg8 15. Rhg1 Bd7 16. a3 Rb8 17. Rg3 a5 18. Na2 Nc6 19. Qd2 b4 20. Nd4 Nxd4 21. Qxd4 b3 22. Nc3 bxc2 23. Rd2 Bf8 24. Rh3 e5 25. Nd5 exd4 26. Nxc7+ Kd8 27. Nd5 h6 28. Rxd4 Rh8 29. Kxc2 h5 30. gxh5 Bc6 31. Nxf6 Bg7 32. Rxd6+ Kc7 33. e5 Ba4+ 34. Kc1 Bh6+ 35. Kb1 Bf4 36. Nd5+ 1-0

[Event "Eger Tavasz op"]
[Site "Eger"]
[Date "2008.05.04"]
[Round "7"]
[White "Szentmihalyi, David"]
[Black "Dostan, Janos"]
[Result "1/2-1/2"]
[WhiteElo "1955"]
[BlackElo "2222"]
[PlyCount "39"]
[EventDate "2008.05.01"]
[EventType "swiss"]
[EventRounds "7"]
[EventCountry "HUN"]
[SourceTitle "EXT 2011"]
[Source "ChessBase"]
[SourceDate "2010.11.26"]
[SourceVersion "1"]
[SourceVersionDate "2010.11.26"]
[SourceQuality "1"]

1. e4 e5 2. Nf3 d6 3. d4 exd4 4. Qxd4 Nf6 5. Bg5 Be7 6. Nc3 0-0 7. Qd2 Nc6 8. Bc4 Ne5 9. Nxe5 dxe5 10. Qxd8 Bxd8 11. f3 c6 12. a4 Be7 13. Ke2 Rd8 14. Rad1 Kf8 15. Rxd8+ Bxd8 16. b4 h6 17. Rd1 Be7 18. Bxf6 Bxf6 19. b5 Be7 20. Na2 1/2-1/2

[Event "Eger Tavasz op"]
[Site "Eger"]
[Date "2008.05.03"]
[Round "4"]
[White "Kovacs, David"]
[Black "Szentmihalyi, David"]
[Result "1/2-1/2"]
[WhiteElo "2137"]
[BlackElo "1955"]
[PlyCount "125"]
[EventDate "2008.05.01"]
[EventType "swiss"]
[EventRounds "7"]
[EventCountry "HUN"]
[SourceTitle "EXT 2011"]
[Source "ChessBase"]
[SourceDate "2010.11.26"]
[SourceVersion "1"]
[SourceVersionDate "2010.11.26"]
[SourceQuality "1"]

1. e4 c5 2. Nf3 d6 3. d4 cxd4 4. Qxd4 Nc6 5. Bb5 Bd7 6. Bxc6 Bxc6 7. Nc3 Nf6 8. Bg5 e6 9. 0-0-0 Be7 10. Rhe1 Qa5 11. Qd2 0-0 12. Nd4 Rfc8 13. Kb1 Qa6 14. f3 b5 15. g4 Rab8 16. Nce2 Qb7 17. Ng3 b4 18. Nh5 Ne8 19. Bxe7 Qxe7 20. Rg1 a5 21. g5 g6 22. Ng3 a4 23. h4 e5 24. Nxc6 Rxc6 25. h5 b3 26. cxb3 axb3 27. a3 Rc2 28. Qe3 Qc7 29. Rc1 Rc8 30. Ne2 Qc4 31. Nc3 Qd4 32. Qxd4 exd4 33. Nd5 Kf8 34. hxg6 fxg6 35. Nb4 Rxc1+ 36. Rxc1 Rxc1+ 37. Kxc1 Nc7 38. Nd5 Ne6 39. f4 Nc5 40. Kd2 Na4 41. Kd3 Nxb2+ 42. Kxd4 Na4 43. Nc3 b2 44. Nb1 Ke7 45. Kc4 Ke6 46. Kb3 Nc5+ 47. Kxb2 Nxe4 48. Nc3 Nc5 49. Ne2 Kf5 50. Kc3 Ke4 51. Kd2 Kf3 52. Ke1 Ke3 53. Kd1 Kd3 54. Ng3 Kc3 55. f5 gxf5 56. Nxf5 Ne4 57. Ke2 d5 58. Ke3 Nxg5 59. Kf4 Nf7 60. a4 Kb4 61. Ke3 Kxa4 62. Kd4 h5 63. Kxd5 1/2-1/2

[Event "Budapest Spring op 24th"]
[Site "Budapest"]
[Date "2008.03.24"]
[Round "4"]
[White "Hujbert, Florian"]
[Black "Szentmihalyi, David"]
[Result "1-0"]
[WhiteElo "2278"]
[BlackElo "1924"]
[PlyCount "45"]
[EventDate "2008.03.21"]
[EventType "swiss"]
[EventRounds "9"]
[EventCountry "HUN"]
[SourceTitle "CBM 123 Extra"]
[Source "ChessBase"]
[SourceDate "2008.05.06"]
[SourceVersion "1"]
[SourceVersionDate "2008.05.06"]
[SourceQuality "1"]

1. d4 Nf6 2. Nf3 g6 3. c4 Bg7 4. Nc3 d5 5. cxd5 Nxd5 6. e4 Nxc3 7. bxc3 c5 8. Be3 0-0 9. Rc1 Nc6 10. d5 Ne5 11. Nxe5 Bxe5 12. f4 Bb8 13. Qd2 b6 14. c4 e5 15. Bd3 exf4 16. Bxf4 f5 17. 0-0 Bxf4 18. Rxf4 g5 19. Rf2 f4 20. e5 Qe8 21. e6 Qe7 22. Re1 Rd8 23. g3 1-0

[Event "Budapest FS09 FM-B"]
[Site "Budapest"]
[Date "2007.09.05"]
[Round "5"]
[White "Szentmihalyi, David"]
[Black "Lakat, Gyula"]
[Result "1-0"]
[WhiteElo "1900"]
[BlackElo "1924"]
[PlyCount "73"]
[EventDate "2007.09.01"]
[EventType "tourn"]
[EventRounds "10"]
[EventCountry "HUN"]
[SourceTitle "EXT 2008"]
[Source "ChessBase"]
[SourceDate "2007.11.25"]
[SourceVersion "1"]
[SourceVersionDate "2007.11.25"]
[SourceQuality "1"]

1. e4 e5 2. Nf3 Nc6 3. Bb5 Nge7 4. 0-0 g6 5. c3 a6 6. Ba4 Bg7 7. d4 exd4 8. cxd4 0-0 9. Nc3 b5 10. Bb3 Na5 11. Bc2 Bb7 12. a3 f5 13. Re1 d6 14. Bg5 Bf6 15. e5 Bxf3 16. exf6 Bxd1 17. fxe7 Qe8 18. exf8Q+ Qxf8 19. Raxd1 h6 20. Bc1 Re8 21. Nd5 Rxe1+ 22. Rxe1 Kh8 23. Nxc7 Qf7 24. Ne6 g5 25. b3 d5 26. Nc5 Nc6 27. Bb2 a5 28. Re6 Nd8 29. Rxh6+ Kg7 30. Rd6 Qe8 31. Kf1 Qh5 32. Rxd8 Qxh2 33. Rd7+ Kg6 34. Rxd5 Qh1+ 35. Ke2 Qxg2 36. Rxf5 Kh5 37. Be4 1-0

[Event "Budapest FS09 FM-B"]
[Site "Budapest"]
[Date "2007.09.01"]
[Round "1"]
[White "Mihajlova, Diana"]
[Black "Szentmihalyi, David"]
[Result "0-1"]
[WhiteElo "1429"]
[BlackElo "1900"]
[PlyCount "74"]
[EventDate "2007.09.01"]
[EventType "tourn"]
[EventRounds "10"]
[EventCountry "HUN"]
[SourceTitle "EXT 2008"]
[Source "ChessBase"]
[SourceDate "2007.11.25"]
[SourceVersion "1"]
[SourceVersionDate "2007.11.25"]
[SourceQuality "1"]

1. e4 c5 2. Nf3 d6 3. d4 cxd4 4. Nxd4 Nf6 5. Nc3 a6 6. Bc4 e5 7. Nf5 Be6 8. Bd5 Nxd5 9. Nxd5 Nd7 10. b3 Nb6 11. Ng3 Nxd5 12. exd5 Qa5+ 13. Bd2 Qxd5 14. 0-0 Be7 15. c4 Qc6 16. Rc1 0-0 17. Qe2 f5 18. f4 e4 19. Rf3 d5 20. cxd5 exf3 21. Rxc6 fxe2 22. Rxe6 Bc5+ 23. Kh1 Rae8 24. Re5 Rxe5 25. fxe5 Rd8 26. d6 Bxd6 27. exd6 Rxd6 28. Nxe2 Rxd2 29. Ng1 Rxa2 30. h3 Rb2 31. Nf3 Rxb3 32. Nd4 Rb1+ 33. Kh2 a5 34. Nxf5 a4 35. Ne7+ Kf7 36. Nd5 a3 37. Nc3 Rb2 0-1

[Event "Budapest FS06 FM-B"]
[Site "Budapest"]
[Date "2007.06.07"]
[Round "6"]
[White "Szentmihalyi, David"]
[Black "Dobos, Otto"]
[Result "1-0"]
[WhiteElo "1870"]
[BlackElo "1869"]
[PlyCount "71"]
[EventDate "2007.06.02"]
[EventType "tourn"]
[EventRounds "11"]
[EventCountry "HUN"]
[SourceTitle "CBM 118 Extra"]
[Source "ChessBase"]
[SourceDate "2007.07.04"]
[SourceVersion "1"]
[SourceVersionDate "2007.07.04"]
[SourceQuality "1"]

1. e4 e5 2. Nc3 Nf6 3. f4 d6 4. Nf3 Nbd7 5. Bc4 h6 6. 0-0 Be7 7. Qe1 0-0 8. Kh1 c6 9. fxe5 Nxe5 10. Nxe5 dxe5 11. d3 b5 12. Bb3 a5 13. a3 Bg4 14. Qg3 h5 15. h3 Be6 16. Bh6 Ne8 17. Bxe6 fxe6 18. Rxf8+ Bxf8 19. Rf1 Nf6 20. Qxe5 Qd6 21. Qg5 Kh7 22. e5 gxh6 23. Qxf6 Qd7 24. Ne4 Bg7 25. Qf4 Qc7 26. Nf6+ Kh8 27. Qe4 Bxf6 28. Rxf6 Qg7 29. Qf4 Kg8 30. Rxe6 Rf8 31. Rf6 Rxf6 32. exf6 Qg6 33. Qb8+ Kf7 34. Qc7+ Kg8 35. Qg7+ Qxg7 36. fxg7 1-0

[Event "Budapest FS04 FM-B"]
[Site "Budapest"]
[Date "2007.04.13"]
[Round "7"]
[White "Surinya, Tibor"]
[Black "Szentmihalyi, David"]
[Result "1-0"]
[WhiteElo "1837"]
[BlackElo "1870"]
[PlyCount "132"]
[EventDate "2007.04.07"]
[EventType "tourn"]
[EventRounds "10"]
[EventCountry "HUN"]
[EventCategory "1"]
[SourceTitle "CBM 117 Extra"]
[Source "ChessBase"]
[SourceDate "2007.05.09"]
[SourceVersion "1"]
[SourceVersionDate "2007.05.09"]
[SourceQuality "1"]

1. d4 Nf6 2. c4 g6 3. Nc3 d5 4. Nf3 Bg7 5. Bg5 Ne4 6. Bh4 Nxc3 7. bxc3 c5 8. cxd5 Qxd5 9. e3 cxd4 10. cxd4 Nc6 11. Be2 Bf5 12. 0-0 0-0 13. Bg3 Rac8 14. Nh4 Bd7 15. Rb1 Nd8 16. Rb2 Bc6 17. Bf3 Qd7 18. Bxc6 Nxc6 19. Nf3 Rfd8 20. Qe2 e6 21. Qb5 b6 22. Rc2 Qb7 23. Rfc1 Ne7 24. Rc7 Qd5 25. Qxd5 exd5 26. Kf1 a6 27. Ke2 Kf8 28. Kd2 Ke8 29. Rb1 b5 30. Rbc1 Rxc7 31. Rxc7 Ra8 32. Ne1 a5 33. Nd3 b4 34. Rb7 Nc6 35. Rb6 Rc8 36. Rb5 Ra8 37. Nf4 a4 38. Nxd5 b3 39. Nc3 Bf8 40. Kc1 Ba3+ 41. Kb1 Nb4 42. axb3 axb3 43. Rb8+ Rxb8 44. Bxb8 Nd3 45. Nb5 Bb4 46. Nc7+ Kd8 47. Nd5 Be1 48. f3 Bf2 49. Bg3 Bxg3 50. hxg3 Ne1 51. Kb2 Nxg2 52. Kxb3 h5 53. Kc3 h4 54. gxh4 Nxh4 55. f4 Kd7 56. Kd3 Kd6 57. Nc3 Ng2 58. Ne4+ Ke6 59. Ng5+ Ke7 60. Ke2 f6 61. Nf3 g5 62. fxg5 fxg5 63. Kf2 Nf4 64. exf4 gxf4 65. Ke2 Ke6 66. Kd3 Kd5 1-0

[Event "Budapest FS04 FM-B"]
[Site "Budapest"]
[Date "2007.04.07"]
[Round "1"]
[White "Zsipi, Alex Mark"]
[Black "Szentmihalyi, David"]
[Result "1-0"]
[WhiteElo "1885"]
[BlackElo "1870"]
[PlyCount "85"]
[EventDate "2007.04.07"]
[EventType "tourn"]
[EventRounds "10"]
[EventCountry "HUN"]
[EventCategory "1"]
[SourceTitle "CBM 117 Extra"]
[Source "ChessBase"]
[SourceDate "2007.05.09"]
[SourceVersion "1"]
[SourceVersionDate "2007.05.09"]
[SourceQuality "1"]

1. e4 c5 2. Nf3 d6 3. d4 cxd4 4. Nxd4 Nf6 5. Nc3 a6 6. Be3 e5 7. Nb3 Be7 8. f3 Be6 9. Qd2 Nbd7 10. 0-0-0 0-0 11. g4 b5 12. g5 Ne8 13. h4 Qc7 14. h5 Rc8 15. Bh3 b4 16. Nd5 Bxd5 17. exd5 a5 18. g6 f5 19. h6 a4 20. gxh7+ Kh8 21. hxg7+ Nxg7 22. Na1 Qc4 23. Kb1 Bf6 24. Bf1 Qc7 25. Bd3 Rb8 26. Rdg1 Nc5 27. Rg6 b3 28. c3 bxa2+ 29. Kxa2 Qb7 30. Bxc5 Qxd5+ 31. Kb1 dxc5 32. Qe2 Rb6 33. Bc4 Qb7 34. Rh2 e4 35. fxe4 a3 36. b3 Bxc3 37. Rxb6 Qxb6 38. Qd3 Bd4 39. Ka2 fxe4 40. Qxe4 Qa5 41. Qd5 Ne6 42. Qxe6 Kg7 43. Qh6+ 1-0

[Event "HUN-chT2 Erkel 0607"]
[Site "Hungary"]
[Date "2007.03.18"]
[Round "8"]
[White "Toth, Tihamer"]
[Black "Szentmihalyi, David"]
[Result "1-0"]
[WhiteElo "2081"]
[BlackElo "1824"]
[PlyCount "53"]
[EventDate "2006.11.12"]
[EventType "team"]
[EventRounds "11"]
[EventCountry "HUN"]
[SourceTitle "EXT 2008"]
[Source "ChessBase"]
[SourceDate "2007.11.25"]
[SourceVersion "1"]
[SourceVersionDate "2007.11.25"]
[SourceQuality "1"]
[WhiteTeam "Hobagoly"]
[BlackTeam "Heesi II"]
[WhiteTeamCountry "HUN"]
[BlackTeamCountry "HUN"]

1. e4 c5 2. Nf3 e6 3. d4 cxd4 4. Nxd4 a6 5. Bd3 Qc7 6. 0-0 Nf6 7. c4 Be7 8. Nc3 d6 9. Be3 0-0 10. Rc1 Nbd7 11. f4 e5 12. Nf5 Nc5 13. fxe5 dxe5 14. Nxe7+ Qxe7 15. Bb1 Be6 16. Nd5 Bxd5 17. exd5 Rac8 18. b4 Nce4 19. c5 Qd7 20. Rc4 b5 21. Rxe4 Nxe4 22. Bxe4 f5 23. Bc2 Rcd8 24. c6 Qc8 25. Bc5 Rf6 26. Be7 Rxc6 27. Bxf5 1-0